Study of main parasitic diseases in swine in kampong siem district kampong cham province, (ការសិក្សាទំហំរាតត្បាតជម្ងឺសំខាន់ៗបង្កដោយបរាសិតជ្រូក ក្នុងស្រុកកំពង់សៀម ខេត្តកំពង់ចាម) (Record no. 2762)

000 -LEADER
fixed length control field 00708nam a22001577a 4500
003 - CONTROL NUMBER IDENTIFIER
control field OSt
005 - DATE AND TIME OF LATEST TRANSACTION
control field 20151027112116.0
008 - FIXED-LENGTH DATA ELEMENTS--GENERAL INFORMATION
fixed length control field 151027b xxu||||| |||| 00| 0 eng d
040 ## - CATALOGING SOURCE
Transcribing agency RUA
082 ## - DEWEY DECIMAL CLASSIFICATION NUMBER
Classification number VMF NOU 2003 B112 Or.1
100 ## - MAIN ENTRY--PERSONAL NAME
9 (RLIN) 2947
Personal name NOUV BOREY
245 ## - TITLE STATEMENT
Title Study of main parasitic diseases in swine in kampong siem district kampong cham province, (ការសិក្សាទំហំរាតត្បាតជម្ងឺសំខាន់ៗបង្កដោយបរាសិតជ្រូក ក្នុងស្រុកកំពង់សៀម ខេត្តកំពង់ចាម)
260 ## - PUBLICATION, DISTRIBUTION, ETC. (IMPRINT)
Place of publication, distribution, etc. Phnom Penh
Name of publisher, distributor, etc. Rua
Date of publication, distribution, etc. 2003
300 ## - PHYSICAL DESCRIPTION
Extent ix; 37p.
Other physical details ill.
Dimensions 29cm.
942 ## - ADDED ENTRY ELEMENTS (KOHA)
Source of classification or shelving scheme
Koha item type VTF
Holdings
Price effective from Date last seen Permanent Location Not for loan Date acquired Source of classification or shelving scheme Koha item type Lost status Withdrawn status Date last checked out Total Checkouts Shelving location Damaged status Barcode Current Location Full call number
2015-10-272018-07-03Library Block B 2015-10-27 VTF  2018-04-271B112 RUA007730Library Block BVTF NOU 2003 B112 Or.1
មជ្ឈមណ្ឌលឯការនៃសាកលវិទ្យាល័យភូមិន្ទកសិកម្មចំការដូង

Powered by Koha